Poesías

Gardado en:
Detalles Bibliográficos
Autor Principal: Benítez Castaño, Eugenio
Formato: Libro
Idioma:Undetermined
Publicado: México, Distrito Federal Orión [s.f.]
Materias:
Etiquetas: Engadir etiqueta
Sen Etiquetas, Sexa o primeiro en etiquetar este rexistro!

MARC

LEADER 00000nam a2200000Ia 4500
008 170316s9999 xx 000 0 und d
040 |a cru BVZT 
090 |a 860 B-25p 
100 |a Benítez Castaño, Eugenio 
245 |a Poesías 
260 |a México, Distrito Federal 
260 |b Orión 
260 |c [s.f.] 
300 |a 93 páginas 
650 |a LITERATURA LATINOAMERICANA 
999 |c 8406  |d 8406 
942 |c 15 D  |h 860 B-25p  |2 z